Guess the Rapper by an album COVER - Statistics

General Stats
  • This quiz has been taken 591 times
    550 since last reset
  • The average score is 31 of 40
Answer Stats
Picture Hint Answer % Correct
DAMN. Kendrick Lamar
99%
All Eyez On Me 2Pac
98%
Scorpion Drake
98%
ASTROWORLD Travis Scott
96%
Wolf Tyler, The Creator
93%
Baby on Baby DaBaby
92%
The Life Of Pablo Kanye West
92%
LONG.LIVE.A$AP A$AP Rocky
90%
Death Race for Love Juice WRLD
90%
Issa Album 21 Savage
88%
Pink Tape Lil Uzi Vert
86%
I NEVER LIKED YOU Future
85%
Pink Friday Nicki Minaj
85%
Please Excuse Me For Being Antisocial Roddy Ricch
84%
17 XXXTENTACION
83%
Recovery Eminem
81%
Swimming Mac Miller
81%
Meet The Woo, Vol. 2 Pop Smoke
81%
Invasion of Privacy Cardi B
80%
2001 Dr. Dre
80%
Doggystyle Snoop Dogg
80%
Die Lit Playboi Carti
79%
Stoney Post Malone
78%
The Melodic Blue Baby Keem
76%
4 Your Eyez Only J. Cole
76%
Ready to Die The Notorious B.I.G.
76%
Life's A Trip Trippie Redd
75%
4:44 Jay-Z
74%
So Much Fun Young Thug
74%
Madvillainy Madvillain
73%
Heaven Or Hell Don Toliver
70%
A Great Chaos Ken Car$on
70%
"Awaken, My Love!" Donald Glover
69%
I Am Not A Human Being II Lil Wayne
65%
ALL-AMERIKKKAN BADA$$ Joey Bada$$
59%
The Forever Story JID
57%
King's Disease III NaS
51%
Dying to Live Kodak Black
47%
DAYTONA Pusha T
47%
The Money Store Death Grips
34%
No matching quizzes found
Score Distribution
Percent of People with Each Score
Percentile by Number Answered
Your Score History
You have not taken this quiz since the last reset